000 00908cam a2200241 a 4500
001 1983414
005 20180207082011.0
008 891207t19711971nyu b 001 0 eng
010 _a 89077299
020 _a0385023510 :
_c$11.95
040 _aDLC
_cDLC
_dDLC
041 _aeng
080 _a821.4 SHAW
082 0 0 _a821.4 SHAW
_220
100 1 _a21
101 _aGJL
240 1 0 _aPoems
245 1 4 _aThe complete poetry of John Milton :
_cby John T. Shawcross.
504 _aIncludes bibliographical references ((p. [643]-649) and indexes.
906 _a7
_bcbc
_corignew
_d1
_eopcn
_f19
_gy-gencatlg
942 _2ddc
_cBK
999 _c42033
_d42033